Fundamentals of ECONOMICS (Record no. 2522)

MARC details
000 -LEADER
fixed length control field 00439nam a2200157Ia 4500
008 - FIXED-LENGTH DATA ELEMENTS--GENERAL INFORMATION
fixed length control field 230312s9999||||xx |||||||||||||| ||und||
020 ## - INTERNATIONAL STANDARD BOOK NUMBER
International Standard Book Number 978 969 417 114
082 ## - DEWEY DECIMAL CLASSIFICATION NUMBER
Classification number 330
Item number JAL-F
100 ## - MAIN ENTRY--PERSONAL NAME
Personal name Mohammad Jalal-ud-din
245 #0 - TITLE STATEMENT
Title Fundamentals of ECONOMICS
260 ## - PUBLICATION, DISTRIBUTION, ETC.
Name of publisher, distributor, etc. Higher Education Commission
Place of publication, distribution, etc. Islamabad
Date of publication, distribution, etc. 2008
300 ## - PHYSICAL DESCRIPTION
Extent 354
546 ## - LANGUAGE NOTE
Language note Eng.
650 ## - SUBJECT ADDED ENTRY--TOPICAL TERM
Topical term or geographic name entry element Economics
Form subdivision Introduction , Theory of Consumer Behaviour
942 ## - ADDED ENTRY ELEMENTS (KOHA)
Koha item type BOOK

No items available.

Powered by Koha